I.T.I. W/Shop calculation & science (Record no. 33855)
[ view plain ]
| 000 -LEADER | |
|---|---|
| fixed length control field | 00286nam a2200121Ia 4500 |
| 100 ## - MAIN ENTRY--PERSONAL NAME | |
| Personal name | Verma/ J.S./ Kazim/ Amir |
| 245 ## - TITLE STATEMENT | |
| Title | I.T.I. W/Shop calculation & science |
| 260 ## - PUBLICATION, DISTRIBUTION, ETC. | |
| Name of publisher, distributor, etc. | Kazim prakashan |
| Place of publication, distribution, etc. | Kanpur |
| Date of publication, distribution, etc. | 1978 |
| 300 ## - PHYSICAL DESCRIPTION | |
| Extent | 86 |
| 546 ## - LANGUAGE NOTE | |
| Language note | ENGLISH |
| 654 ## - SUBJECT ADDED ENTRY--FACETED TOPICAL TERMS | |
| Focus term | Calculations |
| 942 ## - ADDED ENTRY ELEMENTS (KOHA) | |
| Koha item type | BOOK |
| Withdrawn status | Lost status | Damaged status | Not for loan | Collection | Home library | Current library | Date acquired | Cost, normal purchase price | Inventory number | Total Checkouts | Full call number | Barcode | Date last seen | Cost, replacement price | Price effective from | Koha item type |
|---|---|---|---|---|---|---|---|---|---|---|---|---|---|---|---|---|
| AFT | Fr. Agnel's C.Rodrigues College of Engineering | Fr. Agnel's C.Rodrigues College of Engineering | 17/03/2023 | 4.50 | T-743 | AFT2263 | 17/03/2023 | 4.50 | 17/03/2023 | BOOK |